000 00768cam a22002293a 4500
001 31965
003 PGUSA
005 20140828083707.0
008 100412s2010||||xxu|||||s|||||000 | eng d
040 _aPGUSA
_beng
042 _adc
050 4 _aNA
100 1 _aRudy, Charles
245 1 4 _aThe Cathedrals of Northern Spain :
_bTheir History and Their Architecture; Together with Much of Interest Concerning the Bishops, Rulers and Other Personages Identified with Them
_h[electronic resource] /
_cCharles Rudy
260 _bProject Gutenberg,
_c2010
506 _aPublic domain in the USA.
516 _aElectronic text
653 _aCathedrals -- Spain
830 0 _aProject Gutenberg
_v31965
856 4 0 _uhttp://www.gutenberg.org/ebooks/31965
942 _cEB
999 _c261220
_d261220